Top 110 Länder nach Einwohner - Statistiken

Allgemein
  • Dieses Quiz wurde 12 mal gespielt
  • Das Durchschnittsergebnis liegt bei 83 aus 110
Antwortstatistiken
Anzahl Einwohner (2022) Länder % Korrekt
46'200'000 Argentinien
100%
25'800'000 Australien
100%
214'800'000 Brasilien
100%
1'436'600'000 China
100%
83'300'000 Deutschland
100%
1'417'200'000 Indien
100%
44'500'000 Irak
100%
88'600'000 Iran
100%
124'900'000 Japan
100%
38'800'000 Kanada
100%
127'500'000 Mexiko
100%
33'400'000 Peru
100%
115'600'000 Philippinen
100%
144'300'000 Russland
100%
47'400'000 Spanien
100%
60'600'000 Südafrika
100%
66'800'000 Thailand
100%
332'800'000 Vereinigte Staaten
100%
103'500'000 Ägypten
90%
1'980'000 Chile
90%
99'000'000 Demokratische Republik Kongo
90%
18'000'000 Ecuador
90%
28'200'000 Elfenbeinküste
90%
65'800'000 Frankreich
90%
275'500'000 Indonesien
90%
11'100'000 Kuba
90%
36'700'000 Marokko
90%
26'200'000 Niger
90%
218'500'000 Nigeria
90%
9'000'000 Österreich
90%
235'800'000 Pakistan
90%
38'000'000 Polen
90%
10'500'000 Schweden
90%
8'800'000 Schweiz
90%
85'200'000 Türkei
90%
41'000'000 Ukraine
90%
9'700'000 Ungarn
90%
99'400'000 Vietnam
90%
41'100'000 Afghanistan
80%
171'200'000 Bangladesch
80%
11'600'000 Belgien
80%
33'500'000 Ghana
80%
67'600'000 Grossbritannien
80%
9'600'000 Honduras
80%
58'900'000 Italien
80%
54'000'000 Kenia
80%
49'100'000 Kolumbien
80%
29'600'000 Madagaskar
80%
30'900'000 Nepal
80%
17'700'000 Niederlande
80%
9'300'000 Papua-Neuguinea
80%
10'300'000 Portugal
80%
19'000'000 Rumänien
80%
36'700'000 Saudi-Arabien
80%
17'600'000 Somalia
80%
22'400'000 Sri Lanka
80%
51'600'000 Südkorea
80%
22'100'000 Syrien
80%
35'600'000 Usbekistan
80%
28'300'000 Venezuela
80%
44'900'000 Algerien
70%
10'200'000 Aserbaidschan
70%
9'200'000 Belarus
70%
17'800'000 Guatemala
70%
13'900'000 Guinea
70%
11'200'000 Jordanien
70%
19'200'000 Kasachstan
70%
22'600'000 Mali
70%
54'200'000 Myanmar
70%
26'100'000 Nordkorea
70%
13'800'000 Ruanda
70%
6800'000 Serbien
70%
16'300'000 Simbabwe
70%
46'900'000 Sudan
70%
23'200'000 Taiwan
70%
65'500'000 Tansania
70%
17'700'000 Tschad
70%
47'200'000 Uganda
70%
35'600'000 Angola
60%
13'400'000 Benin
60%
12'200'000 Bolivien
60%
6'800'000 Bulgarien
60%
10'600'000 Griechenland
60%
11'600'000 Haiti
60%
9'500'000 Israel
60%
33'700'000 Jemen
60%
7'500'000 Laos
60%
32'700'000 Malaysia
60%
6'700'000 Nicaragua
60%
10'900'000 Südsudan
60%
8'800'000 Togo
60%
10'500'000 Tschechien
60%
11'800'000 Tunesien
60%
9'400'000 Vereinigte Arabische Emirate
60%
123'400'000 Äthiopien
50%
22'700'000 Burkina Faso
50%
11'200'000 Dominikanische Republik
50%
16'800'000 Kambodscha
50%
27'900'000 Kamerun
50%
6'800'000 Kirgistan
50%
20'400000 Malawi
50%
6'800'000 Paraguay
50%
20'000'000 Sambia
50%
17'900'000 Senegal
50%
8'700'000 Sierra Leone
50%
10'000'000 Tadschikistan
50%
6'400'000 Turkmenistan
50%
12'900'000 Burundi
40%
33'000'000 Mosambik
40%
6'800'000 Libyen
30%
Keine übereinstimmenden Quizze gefunden
Verteilung der Resultate
Anzahl Personen mit jedem Resultat
Perzentil nach korrekt beantworteten Fragen
Ihre Resultats-Entwicklung
Sie haben dieses Quiz noch nicht gespielt